Ganadores de la Copa del Mundo - ¡Muerte súbita! - Estadísticas

Estadísticas generales
  • Esta prueba ha sido intentada 139 veces
    127 desde el último reinicio
  • La puntuación promedio es 12 de 35
Answers on the Grid
Answers color-coded by a green-red scale on the quiz's grid according to % correct below.
Pelé
Maradona
Obdulio Varela
Clodoaldo
Nilton Santos
Jairzinho
Didi
Zito
Mario Kempes
Jorge Burruchaga
Daniel Passarella
Giuseppe Meazza
Pietro Rava
Samuel Umtiti
Paolo Rossi
Fabio Cannavaro
Gerd Müller
Thomas Müller
Miroslav Klose
Mario Gotze
Didier Deschamps
Kylian Mbappé
Antoine Griezmann
Carles Puyol
Xavi
Cristiano Ronaldo
Johan Cruyff
Ruud Krol
George Weah
Teófilo Cubillas
Hristo Stoichkov
Paolo Maldini
Marco van Basten
Arjen Robben
Wesley Sneijder
Luka Modrić
Harry Kane
Kevin De Bruyne
Eden Hazard
Neymar
Roberto Baggio
Ryan Giggs
Robert Lewandowski
Zlatan Ibrahimović
Franco Baresi
Giacinto Facchetti
Steven Gerrard
Frank Lampard
Ruud Gullit
Jan Ceulemans
José Nasazzi
Francesco Toldo
Michel Owen
Raymond Kopa
Arjen Robben
Iker Casillas
Mario Zagallo
Cafú
Thomas Müller
Michael Laudrup
Carlos Valderrama
Ruud van Nistelrooy
Johan Neeskens
Ricardo Quaresma
Sergio Agüero
Deco
David VIlla
Gianluigi Buffon
Patrick Vieira
Claude Makélélé
 
Estadísticas de respuestas
Respuesta % Correcto
Pelé
58%
Samuel Umtiti
53%
Iker Casillas
51%
Thomas Müller
51%
Antoine Griezmann
49%
Gerd Müller
49%
Kylian Mbappé
49%
Gianluigi Buffon
47%
David VIlla
45%
Mario Gotze
45%
Xavi
45%
Cafú
43%
Maradona
42%
Thomas Müller
42%
Carles Puyol
40%
Fabio Cannavaro
40%
Miroslav Klose
40%
Didier Deschamps
38%
Paolo Rossi
38%
Daniel Passarella
36%
Mario Kempes
34%
Jairzinho
32%
Claude Makélélé
28%
Jorge Burruchaga
26%
Patrick Vieira
26%
Giuseppe Meazza
21%
Nilton Santos
21%
Didi
19%
José Nasazzi
15%
Obdulio Varela
15%
Mario Zagallo
9%
Zito
9%
Clodoaldo
6%
Pietro Rava
6%
Raymond Kopa
0%
No se encontraron pruebas coincidentes
Distribución de puntuación
Porcentaje de gente con cada puntuación
Porcentaje por número respondido
Historial de tus puntuaciones
No has intentado esta prueba desde el último reinicio